| 000 | 00277nam a22001217a 4500 | ||
|---|---|---|---|
| 999 |
_c23201 _d23201 |
||
| 003 | Nust | ||
| 005 | 20170516112502.0 | ||
| 008 | 170404b xxu||||| |||| 00| 0 eng d | ||
| 010 | _a8933088 | ||
| 020 | _a0139353224 | ||
| 040 |
_aDLC _bDLC _cRCMS |
||
| 082 | _a621.3822 LIM | ||
| 100 |
_aJae S.Lim _9286 |
||
| 245 | _aTwo-Dimensional Signal & Image Procecing | ||
| 260 |
_aNew-Jersey _bPrentice Hall _cc1990 |
||
| 300 |
_a694 _bill: _c27,cm. |
||
| 538 | _iShelf # 14, Row # 1, Communication. | ||
| 650 |
_a1.Signal processing ---- Digital techniques 2. Image processing---- digital techniques _9287 |
||
| 856 | _3Table of Content Only | ||
| 942 |
_cBK _2ddc |
||